NAV Charting Songs (Billboard Hot 100) - Statistics

General Stats
  • This quiz has been taken 59 times
    24 since last reset
  • The average score is 8 of 13
Answer Stats
Album Weeks On Peak Artist(s) Song % Correct
B4 the Storm 29 Weeks #6 Internet Money & Gunna ft. Don Toliver & NAV Lemonade
95%
Reckless 1 Week #86 NAV ft. Travi$ Scott Champion
79%
Bad Habits 10 Weeks #87 NAV ft. Meek Mill Tap
79%
Reckless 7 Weeks #64 NAV ft. Lil Uzi Vert Wanted You
74%
Demons Protected By Angels 4 Weeks #50 NAV, Travi$ Scott & Lil Baby Never Sleep
63%
Perfect Ten 6 Weeks #81 Mustard ft. NAV, Playboi Carti & A Boogie wit da Hoodie Baguettes in the Face
58%
N3* 11 Weeks #17 NAV, Gunna & Travi$ Scott Turks
58%
Emergency Tsunami 1 Week #84 NAV with Gunna Young Wheezy
58%
Spider-Man: Across the Spider-Verse (Soundtrack from & Inspired by the Motion Picture) 7 Weeks #41 Metro Boomin', Swae Lee & NAV ft. A Boogie wit da Hoodie Calling
53%
Drip Harder 1 Week #54 Lil Baby & Gunna ft. Lil Durk & NAV Off White VLONE
53%
Bad Habits 1 Week #72 NAV ft. The Weeknd Price On My Head
53%
Emergency Tsunami 1 Week #65 NAV ft. Lil Baby Don't Need Friends
42%
Lil Uzi Vert vs. The World 2 1 Week #72 Lil Uzi Vert ft. NAV Leaders
37%
No matching quizzes found
Score Distribution
Percent of People with Each Score
Percentile by Number Answered
Your Score History
You have not taken this quiz since the last reset